| 000 | 00608nam a2200205Ia 4500 | ||
|---|---|---|---|
| 003 | GCL | ||
| 008 | 140319s9999 xx 000 0 ara d | ||
| 040 |
_aGCL / _cGCL |
||
| 082 | 0 | 4 |
_a001.6425 _bهـ م |
| 100 | 1 | _aعمر الايوبى | |
| 245 | 1 | 0 |
_aمبادئ INTRNET / _cعمر الايوبى |
| 700 | 1 | _aهونيكون، جيرى | |
| 300 | _a296 ص | ||
| 490 |
_aصديق المستخدم _v0 |
||
| 650 | 0 | 4 | _aالحاسبات الالكترونية |
| 650 | 0 | 4 | _aشبكات المعلومات |
| 650 | 0 | 4 | _aتكنولوجيا المعلومات |
| 650 | 0 | 4 | _aالإنترنت |
| 942 |
_2ddc _cBK |
||
| 999 |
_c52108 _d52108 |
||